00518nam a22001577a 4500003000900000008004100009040007100050082002800121100002500149245005600174260004100230300002700271650002400298650001300322700002500335AR-CdUCM190225b ||||| |||| 00| 0 eng d aMUNICIPALIDAD PROVINCIAL DEL CUSCOcBIBLIOTECA MUNICIPAL DEL CUSCO 21ra. ed.a869.56 /bR52 aJulio, Ramon Ribeyro aProsas Apatridas Aumentadas /cJulio, Ramon Ribeyro aLima, Perú :bMila Batres ,c1978. a155 paginas.c20.5 cm. aLiteratura Peruana. aRibeyro. aJulio, Ramon Ribeyro